00591nam a22002177a 450000500170000001000130001702000100003003500130004003700160005304000120006908200190008110000350010024500640013524600450019926000430024427000190028730000200030650000060032665000200033265000210035220170123162355.0 aA-358238 c25.00 aA-358238 bCen Lib/Ret aDPLbUR a840bم ج ن  aمجنون گوتکھپوری  a/ ادب اور زندگی cمجنون گوتکھپوری  aAdab aur zindgi /bby Majnoon Gorkhpuri  aعلی گڑھ bاردو گھر c1988 bعلی گڑھ  a336p.c15cm(Hb) a  aاردو ادب aUrdu literature